BTS Songs - Buchstabensalat #2 - Statistiken

Allgemein
  • Dieses Quiz wurde 4 mal gespielt
  • Das Durchschnittsergebnis liegt bei 6 aus 20
Antwortstatistiken
Scramble Song % Korrekt
ARIN Rain
100%
TOSL Lost
67%
OTAUR: ROET Outro: Tear
67%
PUEW KA Wake Up
67%
RYB EHS4TC P BTS Cypher 4
33%
ILHSTG Lights
33%
VAEM EOZL Love Maze
33%
KMKMOSROOSI Mikrokosmos
33%
MEVA ES Save Me
33%
GPRNAI DYS Spring Day
33%
TYETPLAEH Telepathy
33%
CROL O'KOCZE Zero O'Clock
33%
Y NADWA RAN EBD A Brand New Day
0%
KBAANC AT OATNNGT Attack on Bangtan
0%
NGEDRA Danger
0%
EMD'E ALVNT OE Don't Leave Me
0%
SRTVF OIEL First Love
0%
NIINH RLECD Inner Child
0%
GOE OMNI HERNT One More Night
0%
URHFR OEM YWEO Where You From
0%
Keine übereinstimmenden Quizze gefunden
Verteilung der Resultate
Anzahl Personen mit jedem Resultat
Perzentil nach korrekt beantworteten Fragen
Ihre Resultats-Entwicklung
Sie haben dieses Quiz noch nicht gespielt